Title in the Lyrics Quiz: Linkin Park - Statistics

General Stats
  • This quiz has been taken 182 times
  • The average score is 12 of 18
Answer Stats
Answer % Correct
I've become so {Numb}, I can't feel you there, Become so tired, so much more aware
100%
I wanna heal, I wanna feel like I'm close to something real, I wanna find something I've wanted all along, {Somewhere} {I} {Belong}
89%
I tried so hard, And got so far, But {In} {The} {End}, It doesn't even matter
83%
{Crawling} in my skin, These wounds they will not heal, Fear is how I fall, Confusing what is real
79%
We're building it up, To break it back down, We're building it up, To {Burn} {It} {Down}
78%
Everything you say to me, Takes me {One} {Step} {Closer} to the edge, And I'm about to break
75%
I'll face myself, To cross out what I've become, Erase myself, And let go of {What} {I've} {Done}
66%
Who cares if {One} {More} {Light} goes out, In the sky of a million stars? It flickers, flickers
66%
And don't resent me, And when you're feeling empty, Keep me in your memory, {Leave} {Out} {All} {The} {Rest}
64%
I'm holding on, Why is everything so {Heavy}? Holding on, To so much more than I can carry
64%
Give me reason, To fill this hole, Connect this space between, Let it be enough to reach the truth that lies, Across this {New} {Divide}
62%
I'm {Lost} in these memories, Living behind my own illusion, {Lost} all my dignity, Living inside my own confusion
62%
I don't know how I got this way, I know it's not alright, So I'm {Breaking} {The} {Habit}
61%
{Waiting} {For} {The} {End} to come, Wishing I had strength to stand, This is not what I had planned, It's out of my control
51%
And the sun will set for you, The sun will set for you, And the {Shadow} {Of} {The} {Day}, Will embrace the world in grey
49%
We said it was forever but then it slipped away, Standing at the end of the {Final} {Masquerade}
43%
'Cause you don't know what you've got, {Until} {It's} {Gone}
41%
We are the fortunate ones, Who've never faced oppression's gun. We are the fortunate ones, Imitations of {Rebellion}
29%
No matching quizzes found
Score Distribution
Percent of People with Each Score
Percentile by Number Answered
Your Score History
You have not taken this quiz